00333nam a2200109Ia 4500008004100000082001000041082000800051245006700059245004400126260004400170300000900214231017s9999 xx 000 0 und d a388.1 bTRB 0aTrip generation rates for urban infill land uses in California 0cCalifornia Department of Transportation bCalifornia Department of Transportation c30cm